Statistiques concernant Cours d'italien 3 - Vêtements

Cliquez ici pour prendre le quiz!

Statistiques générales

  • Ce quiz a été pris 19 fois
  • Le résultat moyen est 7 sur 39

Statistiques - réponses

FranceseItaliano% Correct
VêtementsCapo / Vestito / Indumento
60%
ChemiseCamicia
50%
MagasinNegozio
50%
Habillement / Armoire / garde-robeAbbigliamento
40%
Sac à main / sacBorsa
40%
LunettesOcchiali
40%
ChaussuresScarpe
40%
TailleTaglia
40%
Sac à dosZaino
40%
ManteauCappotto
30%
CollantsCollant
30%
JupeGonna
30%
ChapeauCappello
20%
PantoufflesCiabatte
20%
CravateCravatta
20%
JeanJeans
20%
T-shirtMaglietta
20%
PullMaglione
20%
EcharpeSciarpa
20%
Tenue de soiréeAbito da sera
10%
AccessoiresAccessori
10%
ChaussettesCalze
10%
GantsGuanti
10%
Slip / culotte / sous-vêtementsMutande
10%
PantalonPantaloni
10%
SandallesSandali
10%
ChâleScialle
10%
BottesStivali
10%
Chemise / chemisier en soieCamicia di seta
0%
Maillot de corpsCanottiera
0%
Maillot de corps en cotonCanottiera di cotone
0%
Coupe ventGiacca a vento
0%
Veste en cuirGiacca in pelle
0%
T-shirt à rayuresMaglietta a strisce / righe
0%
Pull en laineMaglione di lana
0%
Pantalon à carreauxPantaloni a quadri
0%
Pantalon en linPantaloni in lino
0%
BasketsScarpe sportive
0%
SurvêtementTuta sportiva
0%

Distribution des résultats

Percentile par nombre de réponses

% des personnes avec chaque résultat

Votre développement - résultats

Vous n’avez pas pris ce quiz